000 00634cam a2200253 4500
008 090401t1989 xxu||||| |||| 00| 0 eng d
020 _a0582034108
035 _a(Sirsi) u58682
041 _aeng
050 _a690.25
100 _aCutler, D.F.
245 _aTree roots and buildings
250 _a2nd ed.
260 _aHarlow
_bLongman Scientific and Technical
_c1989
300 _axi,71p. ; 24cm.
350 _a9.95
650 _aBUILDING DEFECTS
650 _aTREE ROOTS
650 _aTREES
690 _aBUILT ENVIRONMENT-BUILDING PATHOLOGY
700 _aRichardson, I.B.K.
942 _n0
948 _c04/03/1997
999 _c94089
_d94089